आपटयाSाी पाने (Record no. 288780)

MARC details
000 -LEADER
fixed length control field 00519nam a2200169Ia 4500
008 - FIXED-LENGTH DATA ELEMENTS--GENERAL INFORMATION
fixed length control field 090711s9999 xx 000 0 und d
082 ## - DEWEY DECIMAL CLASSIFICATION NUMBER
Item number 247
100 ## - MAIN ENTRY--PERSONAL NAME
Personal name आपटे गो. ल.
245 ## - TITLE STATEMENT
Title आपटयाSाी पाने
260 ## - PUBLICATION, DISTRIBUTION, ETC. (IMPRINT)
Name of publisher, distributor, etc यशवंत गोपाळ जोशी
Date of publication, distribution, etc 1937
300 ## - PHYSICAL DESCRIPTION
Extent 45
600 ## - SUBJECT ADDED ENTRY--PERSONAL NAME
Personal name आपटे गो. ल.
630 ## - SUBJECT ADDED ENTRY--UNIFORM TITLE
Uniform title आपटयाSाी पाने
700 ## - ADDED ENTRY--PERSONAL NAME
Personal name आपटे गो. ल.
730 ## - ADDED ENTRY--UNIFORM TITLE
Uniform title आपटयाSाी पाने
942 ## - ADDED ENTRY ELEMENTS (KOHA)
Koha item type Book
Holdings
Withdrawn status Lost status Damaged status Not for loan Home library Current library Date acquired Cost, normal purchase price Total Checkouts Full call number Barcode Date last seen Cost, replacement price Price effective from Koha item type
        Dadar Sarvajanik Vachanalaya, Dardar Dadar Sarvajanik Vachanalaya, Dardar 07/11/2009 0.75   247 DASAVA-247 07/11/2009 0.75 07/11/2009 Book